000 01516nam a2200277Ia 4500
999 _c55872
_d55872
001 22970
003 GE_BSU
005 20230614115432.0
008 181216s ||||ge |||||||||||||| ||geo||
040 _cGE_BSU
041 _ageo
080 _a82.0(075.8) გ-23
100 _aგაჩეჩილაძე, სიმონ
_95494
245 _aლიტერატურისმცოდნეობის საფუძვლები : (ლიტერატურისმცოდნეობის შესავალი) :
_bსახელმძღვანელო უმაღლ. პედ. სასწ. /
_cსიმონ გაჩეჩილაძე.
250 _aმე-3 გადამუშავებული გამოცემა
264 _aთბილისი :
_bსამეცნ.-მეთოდ. კაბინეტის გამოცემა,
_c1953.
300 _a504 გვ. ;
_c23 სმ.
500 _aსაგნ. საძ. : გვ.486-492
541 _h2ლ.66თ.
653 _aლიტერატურისმცოდნეობა
653 _aლიტერატურისმცოდნეობის შესავალი
653 _aლიტერატურისმცოდნეობის საფუძვლები
653 _aლიტერატურისმცოდნეობის შესავალი
653 _aლიტერისმცოდნეობა
942 _cBK
_2udc